000
00199 a2200097 4500
001
11130
100
_a
Hailey, L.
245
_a
India New Pattern
260
_a
_b
George Allen
_c
090
_c
8684
_d
8684
942
_a
NUST-CAE
_c
_c
35471
999
_c
246203
_d
246203